Special orders, No. 184, Aug. 7, 1935.

Bibliographic Details
Format: Government Document eBook
Language:English
Published: [Washington] : [s.n.], 1935.
Subjects:
Online Access:Electronic resource (PDF)

MARC

Tag First Indicator Second Indicator Subfields
LEADER 00000cam a22000001i 4500
001 in00003916005
006 m d f
007 cr bn mmmapmmp
008 350215s1935 dcu o f000 0 eng d
005 20250211001547.1
035 |a ebd1933034847 
040 |a UMI  |c UMI  |e rda  |d UtOrBLW 
086 0 |a W 3.23:935/184 
099 |a W3.23..935_184 
110 1 |a United States.  |b War Department,  |e issuing body.  |0 http://id.loc.gov/authorities/names/n79084108 
245 1 0 |a Special orders, No. 184, Aug. 7, 1935. 
264 1 |a [Washington] :  |b [s.n.],  |c 1935. 
300 |a 1 online resource (4 pages), digital, PDF file. 
336 |a text  |b txt  |2 rdacontent 
337 |a computer  |b c  |2 rdamedia 
338 |a online resource  |b cr  |2 rdacarrier 
533 |a Electronic reproduction.  |b [Bethesda, Md.] :  |c ProQuest,  |d 2017  |e digital, PDF file.  |n ProQuest U.S. Executive Branch Documents  |n Mode of access: World Wide Web via ProQuest website. 
588 |a Record is based on online resource; title from PDF title page (ProQuest, last viewed July 2017). Reuse except for individual research requires license from ProQuest, LLC. 
610 1 0 |a United States.  |b Army.  |0 http://id.loc.gov/authorities/names/n79063202 
650 0 |a Courts-martial and courts of inquiry.  |0 http://id.loc.gov/authorities/subjects/sh85033588 
856 4 0 |u http://proxy.library.tamu.edu/login?url=http://congressional.proquest.com/congressional/docview/t66.d71.w3.23..935_184?  |y Electronic resource (PDF)  |t 0 
999 f f |s bbcbd0c0-4b48-339c-b0cb-ac98bc8cb83a  |i bb13ce15-ae83-353d-88ee-9f73b90905d4  |t 0 
952 f f |a Texas A&M University  |b College Station  |c Electronic Resources  |d Available Online  |t 0  |h No information provided 
998 f f |t 0  |l Available Online